00359nam a2200157Ia 4500008004100000082001000041100001500051245002700066250000600093260000900099300000900108600001500117630002700132700001500159730002700174090124s9999 xx 000 0 und d b30036 aTWAIN MARK aTHE FAMILY MARK TWAIN  a0 c1988 a1462 aTWAIN MARK aTHE FAMILY MARK TWAIN  aTWAIN MARK aTHE FAMILY MARK TWAIN